00459nam a2200145Ia 4500008004100000020001800041082002000059100002600079245006500105260002700170300001000197440004900207500001600256650004100272120629s9999 xx 000 0 und d a968-24-4228-1 a001.64007 G384t aGerth, Carlos Gabriel aTodo el AutoCAD 14 en un solo libro / Carlos Gabriel Gerth  aMéxico: Trillas: GYR a215 p aColección de computación GYR-Trillas, 22 aApéndices aAUTOCAD (PROGRAMA DE COMPUTADORA)Ì